000 01114nam a22002537a 4500
001 81757
003 BD-RjUL
005 20240108112831.0
008 230823s2021 bg a|||| m||| 00| 0 eng d
035 _a(BD-RjUL)81757
040 _aBD-RjUL
_beng
_cBD-RjUL
_dBD-RjUL
041 _aeng
082 _223
_a541.3723
_bISE 2021
100 _aIslam, Md. Moynul
_98512
245 1 0 _aElectrodepositions of Cr, Cd, Zn, Sc,Te and their binary alloys from deep eutectic based ionic liquids /
_cBy Md. Moynul Islam ;
_6Supervisor :Md. Ahsan Habib, & M. Rostom Ali.
260 _aRajshahi :
_bDepartment of Applied Chemistry and Chemical engineering Faculty of Engineering, University of Rajshahi,
_c2021.
300 _axxi, 236 leaves :
_bill, ;
_c29.cm.
502 _aThesis (Ph. D.) -- Department of Applied Chemistry and Chemical engineering Faculty of Engineering, University of Rajshahi, 2021
504 _aReferences : Leaves 226 - 231
650 _aIonic equilibriums
_vPhysical chemistry
_98513
700 _aHabib, Md. Ahsan, Supervisor
_98514
700 _a Ali, M. Rostom, Supervisor
_98515
942 _2ddc
_cTHE
999 _c81757
_d81757